000 00935nam a22002297a 4500
003 0
005 20250204150102.0
008 250204b xxu||||| |||| 00| 0 eng d
050 _aHF 5415.1265
_b.An53 2023
100 _aAndrade, Leoven B.
245 _aPa-mine is the key
_b a documentary film on the rise of filipino online live sellers on facebook during the pandemic
_cLeoven B. Andrade and three others
260 _aLas Pinas City
_bSouthville International School and Colleges
_cc2023
300 _avii, 334 pages ;
_c28cm.
500 _aBachelor of Arts in Communication.
504 _aIncludes bibliographical references and appendices.
650 _aSocial media marketing—Philippines.
650 _aOnline selling—Economic aspects—Philippines.
650 _aFacebook (Firm)—Economic impact.
650 _aE-commerce—Social aspects.
650 _aDocumentary films—Philippines.
942 _2lcc
_cTH
999 _c367118
_d367118